Logo BPK

Bibliografia Prac Pracowników

Politechniki Koszalińskiej

Stabilizacja chemiczna gruntów gliniastych / (Rekord nr 8975)

Szczegóły MARC
000 -ETYKIETA REKORDU
podpole kontrolne o stałej długości 00665naa a2200157 i 4500
001 - NUMER KONTROLNY REKORDU
podpole kontrolne 8975
003 - IDENTYFIKATOR NUMERU KONTROLNEGO REKORDU
podpole kontrolne KOSZ 005
005 - DATA OSTATNIEJ MODYFIKACJI REKORDU
podpole kontrolne 20180313102322.0
008 - POLE O STAŁEJ DŁUGOŚCI - DANE KONTROLNE
podpole kontrolne o stałej długości 150319s2004 pl f |100 0 pol
040 ## - ŹRÓDŁO KATALOGOWANIA
Instytucja, która utworzyła rekord BPK
Instytucja, która dokonała modyfikacji KOSZ 005/EG
100 1# - NAZWA OSOBOWA
Nazwa osobowa WERNO, Maciej.
Lata pracy 1998 - 2004.
Instytucja Politechnika Koszalińska - Wydział Budownictwa i Inżynierii Środowiska,
Wydział Katedra Geotechniki
245 10 - TYTUŁ/ODPOWIEDZIALNOŚĆ
Tytuł Stabilizacja chemiczna gruntów gliniastych /
Pozostałe elementy strefy tytułu i oznaczenia odpowiedzialności M. Werno, A. Przydatek.
650 #0 - HASŁO PRZEDMIOTOWE W FORMIE NAZWY OGÓLNEJ LUB JEDNOSTKOWEJ
Nazwa ogólna lub geograficzna Mechanika gruntów.
773 0# - TYTUŁ DOKUMENTU MACIERZYSTEGO
Wyrażenie wprowadzające W :
Tytuł Jubileuszowa Międzynarodowa Konferencja Naukowa "Aktualne problemy naukowo-badawcze budownictwa". -
Adres wydawniczy Olsztyn-Kortowo, 2004. -
Informacje dotyczące relacji s. 183-188
942 ## - HASŁO DODATKOWE - ELEMENTY(KOHA)
Typ dokumentu Rozdział
Schemat klasyfikacji Uniwersalna klasyfikacja dziesiętna

Brak dostępnych egzemplarzy.

© 2014 Biblioteka Politechniki Koszalińskiej :: BIBLIOGRAFIA PRAC PRACOWNIKÓW